[Event "I Open Distrito de Chamartin 2012"]
[Site "Madrid ESP"]
[Date "2012.09.10"]
[Round "2.16"]
[White "Spitzer Isbert, Ramon"]
[Black "Useche Ramirez, Maryorit K"]
[Result "1-0"]
[WhiteElo "2078"]
[BlackElo "1788"]
[PlyCount "104"]
[EventDate "2012.09.09"]
[EventType "swiss"]
[EventRounds "9"]
[EventCountry "ESP"]
[Source "lmi"]
[SourceDate "2012.09.09"]

1. e4 e5 2. d4 exd4 3. c3 Nc6 4. Nf3 d5 5. exd5 Qxd5 6. cxd4 Bb4+ 7. Nc3 Bg4 8.
Be2 O-O-O 9. O-O Qa5 10. Be3 Nf6 11. Qb3 Be6 12. Bc4 Bxc4 13. Qxc4 Nd5 14. Bd2
f6 15. Rfe1 Rd7 16. Re2 Rhd8 17. Rae1 Kb8 18. Qb3 g5 19. a3 Bf8 20. Re6 Qb6 21.
Qc4 Na5 22. Qa4 Nc6 23. b4 g4 24. b5 Nxc3 25. Bxc3 gxf3 26. bxc6 Rg7 27. g3 Rg6
28. d5 Bd6 29. Bd4 Qa6 30. Qc2 Qa5 31. Qb3 b6 32. Qxf3 Qxa3 33. Qf5 Qb4 34.
R6e4 Qd2 35. Qd7 Rgg8 36. Re8 Qxe1+ 37. Rxe1 Rxd7 38. cxd7 Be5 39. Bxe5 Rd8 40.
d6 c5 41. Bxf6 Rxd7 42. Re7 Kc8 43. Be5 b5 44. f4 Rxe7 45. dxe7 Kd7 46. Bd6 c4
47. f5 a5 48. f6 Ke8 49. Kf2 b4 50. Ke3 b3 51. Kd2 b2 52. Kc2 c3 1-0

[Event "I Open Distrito de Chamartin 2012"]
[Site "Madrid ESP"]
[Date "2012.09.10"]
[Round "2.17"]
[White "Camara Cozar, David"]
[Black "Orantes Sanz, Ricardo"]
[Result "1-0"]
[WhiteElo "2077"]
[BlackElo "1604"]
[PlyCount "33"]
[EventDate "2012.09.09"]
[EventType "swiss"]
[EventRounds "9"]
[EventCountry "ESP"]
[Source "lmi"]
[SourceDate "2012.09.09"]

1. e4 Nf6 2. e5 Nd5 3. c4 Nb6 4. d4 d6 5. exd6 exd6 6. Nc3 Nc6 7. Be3 Bf5 8. b3
Be7 9. Bd3 Qd7 10. Nge2 Rd8 11. O-O O-O 12. Ng3 Bxd3 13. Qxd3 g6 14. Qd2 Bf6
15. Rad1 Rfe8 16. Nce4 Bh8 17. Bg5 1-0

[Event "I Open Distrito de Chamartin 2012"]
[Site "Madrid ESP"]
[Date "2012.09.10"]
[Round "2.18"]
[White "Martin Martin, Luis Vicente"]
[Black "Contreras Donoso, Juan Francisco"]
[Result "0-1"]
[WhiteElo "2069"]
[BlackElo "1766"]
[PlyCount "68"]
[EventDate "2012.09.09"]
[EventType "swiss"]
[EventRounds "9"]
[EventCountry "ESP"]
[Source "lmi"]
[SourceDate "2012.09.09"]

1. d4 d5 2. Bf4 Nf6 3. e3 e6 4. Nf3 Nbd7 5. Nbd2 Be7 6. Bd3 O-O 7. Ne5 Re8 8.
h4 c5 9. c3 a6 10. g4 Nxe5 11. dxe5 Nd7 12. Bg3 b5 13. Bb1 Bb7 14. Rh2 Rc8 15.
Qc2 Nf8 16. Nb3 Qb6 17. f4 Red8 18. Rd2 a5 19. Bf2 a4 20. Nc1 Qc6 21. Ne2 d4
22. e4 d3 23. Rxd3 Qxe4 24. Qd1 Qh1+ 25. Kd2 Rxd3+ 26. Bxd3 Qf3 27. Qg1 Rd8 28.
Be3 c4 29. Nd4 Rxd4 30. cxd4 cxd3 31. Kxd3 Bb4 32. Kc2 Be4+ 33. Kc1 Qe2 34. Qf2
Bd2+ 0-1

[Event "I Open Distrito de Chamartin 2012"]
[Site "Madrid ESP"]
[Date "2012.09.10"]
[Round "2.19"]
[White "Arias De Reina Martinez, Francisco"]
[Black "Abul, Qasem"]
[Result "0-1"]
[WhiteElo "1614"]
[BlackElo "2030"]
[PlyCount "70"]
[EventDate "2012.09.09"]
[EventType "swiss"]
[EventRounds "9"]
[EventCountry "ESP"]
[Source "lmi"]
[SourceDate "2012.09.09"]

1. c4 e5 2. Nc3 Nf6 3. g3 d5 4. cxd5 Nxd5 5. Bg2 Be6 6. Nf3 Nc6 7. O-O Nb6 8.
Qc2 Be7 9. Rd1 O-O 10. d3 a5 11. Be3 Nd5 12. Nxd5 Bxd5 13. Rac1 Re8 14. Bc5
Bxc5 15. Qxc5 Bxa2 16. d4 e4 17. Ne5 Bd5 18. Nxc6 bxc6 19. Ra1 Qb8 20. Rxa5
Qxb2 21. e3 Qb6 22. Rda1 Qxc5 23. dxc5 Rxa5 24. Rxa5 Kf8 25. Ra7 Rb8 26. Bf1
Rb1 27. Kg2 Rc1 28. Ra5 Ke7 29. Ba6 Be6 30. Be2 Kf6 31. h3 Ke5 32. Bg4 Bc4 33.
Bd7 Be2 34. Bg4 Bf1+ 35. Kh2 f5 0-1

[Event "I Open Distrito de Chamartin 2012"]
[Site "Madrid ESP"]
[Date "2012.09.10"]
[Round "2.20"]
[White "Lopez Ziegler, Carlos"]
[Black "Vera Gonzalez-Quevedo, Reynaldo"]
[Result "0-1"]
[WhiteElo "1918"]
[BlackElo "2481"]
[PlyCount "76"]
[EventDate "2012.09.09"]
[EventType "swiss"]
[EventRounds "9"]
[EventCountry "ESP"]
[Source "lmi"]
[SourceDate "2012.09.09"]

1. e4 c5 2. Nf3 d6 3. d4 cxd4 4. Nxd4 Nf6 5. Nc3 a6 6. Be3 e6 7. Be2 Qc7 8. a4
Nc6 9. O-O Be7 10. f4 O-O 11. Nb3 b6 12. Bf3 Rb8 13. Qe1 Re8 14. Qf2 Nd7 15. f5
Nce5 16. fxe6 fxe6 17. Nd4 Nf6 18. Be2 Nc4 19. Bc1 Rf8 20. Qg3 Qc5 21. Qd3 Ne5
22. Qd1 Bd7 23. Kh1 Qc8 24. Bf4 Qb7 25. Bg5 Rbe8 26. Nf3 b5 27. Nxe5 dxe5 28.
axb5 axb5 29. Bf3 Bc6 30. Bxf6 Rxf6 31. Qe2 b4 32. Nd1 Bb5 33. Qe1 Bxf1 34.
Qxf1 Qxe4 35. Nf2 Qxc2 36. Ne4 Rf4 37. Qb5 Rd8 38. Rf1 Rd1 0-1

[Event "I Open Distrito de Chamartin 2012"]
[Site "Madrid ESP"]
[Date "2012.09.10"]
[Round "2.21"]
[White "Morera Rodriguez, Ignacio"]
[Black "Acuna Celada, Ivan"]
[Result "0-1"]
[WhiteElo "1800"]
[BlackElo "2152"]
[PlyCount "72"]
[EventDate "2012.09.09"]
[EventType "swiss"]
[EventRounds "9"]
[EventCountry "ESP"]
[Source "lmi"]
[SourceDate "2012.09.09"]

1. d4 Nf6 2. c4 g6 3. Nc3 Bg7 4. e4 d6 5. Nf3 O-O 6. Be2 e5 7. O-O Nc6 8. d5
Ne7 9. b4 Nd7 10. Ba3 f5 11. Ng5 Nf6 12. Bf3 f4 13. Rc1 h6 14. Ne6 Bxe6 15.
dxe6 c6 16. Rc2 Qc7 17. b5 Rad8 18. Rd2 c5 19. Qb3 b6 20. Rfd1 g5 21. h3 h5 22.
g3 g4 23. Bg2 f3 24. Bf1 Rfe8 25. h4 Nc8 26. Nd5 Qb8 27. Nxf6+ Bxf6 28. Qe3 Kg7
29. Bc1 Rxe6 30. Rxd6 Nxd6 31. Qh6+ Kf7 32. Qh7+ Ke8 33. Qg8+ Ke7 34. Qh7+ Nf7
35. Rd5 Rh8 36. Qf5 Nd6 0-1

[Event "I Open Distrito de Chamartin 2012"]
[Site "Madrid ESP"]
[Date "2012.09.10"]
[Round "2.22"]
[White "Juberias Guillen, Paloma"]
[Black "Nieto De La Cruz, Julio"]
[Result "0-1"]
[WhiteElo "1788"]
[BlackElo "2139"]
[PlyCount "60"]
[EventDate "2012.09.09"]
[EventType "swiss"]
[EventRounds "9"]
[EventCountry "ESP"]
[Source "lmi"]
[SourceDate "2012.09.09"]

1. d4 Nf6 2. c4 c5 3. d5 b5 4. Qc2 g6 5. e4 d6 6. f4 bxc4 7. Bxc4 Bg7 8. Nf3
O-O 9. O-O Ba6 10. Nbd2 Qa5 11. e5 Ng4 12. Re1 Nd7 13. Bxa6 Qxa6 14. Nc4 Rab8
15. Bd2 Nb6 16. Nxb6 Qxb6 17. Bc3 c4+ 18. Bd4 Qb5 19. h3 dxe5 20. fxe5 Nh6 21.
Rad1 Rfd8 22. Nd2 Rbc8 23. Bxa7 Rxd5 24. b3 Qd7 25. Be3 cxb3 26. Qxb3 Nf5 27.
Bf4 Rd3 28. Qb1 Qd4+ 29. Kh1 Rd8 30. Re4 Qxe4 0-1

[Event "I Open Distrito de Chamartin 2012"]
[Site "Madrid ESP"]
[Date "2012.09.10"]
[Round "2.23"]
[White "Garcia Otero, Pedro"]
[Black "Iturbide Arnedo, Oscar"]
[Result "0-1"]
[WhiteElo "1733"]
[BlackElo "2134"]
[PlyCount "42"]
[EventDate "2012.09.09"]
[EventType "swiss"]
[EventRounds "9"]
[EventCountry "ESP"]
[Source "lmi"]
[SourceDate "2012.09.09"]

1. d4 g6 2. c4 Bg7 3. Nc3 d6 4. Nf3 Bg4 5. e3 c5 6. Be2 cxd4 7. Nxd4 Bxe2 8.
Ndxe2 Nf6 9. O-O O-O 10. b3 Nc6 11. Bb2 Qa5 12. Rb1 Rfd8 13. Qc2 d5 14. cxd5
Nb4 15. Qc1 Nd3 16. Qc2 Nxb2 17. Qxb2 Nxd5 18. b4 Qa6 19. Qb3 Nxc3 20. Nxc3 Rd3
21. b5 Qa5 0-1

[Event "I Open Distrito de Chamartin 2012"]
[Site "Madrid ESP"]
[Date "2012.09.10"]
[Round "2.25"]
[White "Rodriguez Perez, David"]
[Black "Salgado Duarte, Pablo"]
[Result "1-0"]
[WhiteElo "2019"]
[BlackElo "1579"]
[PlyCount "53"]
[EventDate "2012.09.09"]
[EventType "swiss"]
[EventRounds "9"]
[EventCountry "ESP"]
[Source "lmi"]
[SourceDate "2012.09.09"]

1. d4 d5 2. g3 Nf6 3. Bg2 Nc6 4. Bg5 e6 5. e3 Be7 6. Bxf6 Bxf6 7. Ne2 O-O 8.
O-O b6 9. c4 Bb7 10. cxd5 exd5 11. Nbc3 Ne7 12. Nf4 c6 13. b4 Nf5 14. b5 Bg5
15. bxc6 Bxc6 16. Ncxd5 Bxd5 17. Nxd5 Rc8 18. Qd3 Ne7 19. Nc3 Nc6 20. Rfc1 Qd7
21. Qb5 Bf6 22. Nd5 Nb8 23. Nxf6+ gxf6 24. Qh5 Rxc1+ 25. Rxc1 Kg7 26. Be4 Rh8
27. Bf5 1-0

[Event "I Open Distrito de Chamartin 2012"]
[Site "Madrid ESP"]
[Date "2012.09.10"]
[Round "2.26"]
[White "Cabeza Hernandez, Guillermo"]
[Black "Garcia Galeote, Lorenzo"]
[Result "0-1"]
[WhiteElo "1546"]
[BlackElo "2013"]
[PlyCount "60"]
[EventDate "2012.09.09"]
[EventType "swiss"]
[EventRounds "9"]
[EventCountry "ESP"]
[Source "lmi"]
[SourceDate "2012.09.09"]

1. c4 e6 2. g3 d5 3. Bg2 Nf6 4. Nf3 Be7 5. O-O O-O 6. cxd5 exd5 7. d4 Re8 8.
Bg5 Nbd7 9. Nc3 c6 10. a3 Ne4 11. Bxe7 Qxe7 12. e3 Nxc3 13. bxc3 Nb6 14. Nd2
Bf5 15. a4 Bd3 16. Re1 Nc4 17. Bf1 Bxf1 18. Rxf1 Nxd2 19. Qxd2 Qe6 20. a5 b5
21. axb6 axb6 22. Ra2 h5 23. Rfa1 Rxa2 24. Qxa2 h4 25. Kg2 Qe4+ 26. Kh3 hxg3
27. hxg3 Re6 28. Qa8+ Kh7 29. f3 Qxf3 30. Kh2 Rh6+ 0-1

[Event "I Open Distrito de Chamartin 2012"]
[Site "Madrid ESP"]
[Date "2012.09.10"]
[Round "2.28"]
[White "Alonso Aranzabal, Inigo"]
[Black "Lopez Heras, Arturo"]
[Result "1-0"]
[WhiteElo "1976"]
[BlackElo "1976"]
[PlyCount "85"]
[EventDate "2012.09.09"]
[EventType "swiss"]
[EventRounds "9"]
[EventCountry "ESP"]
[Source "lmi"]
[SourceDate "2012.09.09"]

1. e4 e5 2. Nf3 Nc6 3. d4 exd4 4. Nxd4 Nf6 5. Nxc6 bxc6 6. e5 Qe7 7. Qe2 Nd5 8.
c4 Ba6 9. b3 Qh4 10. a3 Bc5 11. g3 Bxf2+ 12. Qxf2 Qe4+ 13. Kd1 Qxh1 14. Nd2
Nc3+ 15. Kc2 Ne4 16. Qe2 Nxd2 17. Bxd2 c5 18. Re1 Bb7 19. Qg4 O-O-O 20. Bg5 h5
21. Qf5 g6 22. Qf2 Rde8 23. Bh3 Qc6 24. Bf6 Rhg8 25. Rd1 Qe4+ 26. Kb2 Bc6 27.
Qxc5 Qe2+ 28. Kc1 Qxh2 29. Qxc6 Kb8 30. Bxd7 Re6 31. Bxe6 fxe6 32. Qxe6 Rc8 33.
Rd3 Qg1+ 34. Kc2 Qf2+ 35. Rd2 Qxg3 36. Qd5 Qf4 37. c5 c6 38. Qd4 Qf5+ 39. Kc3
g5 40. Qd3 Qf4 41. Qd6+ Kb7 42. Qd4 Qf5 43. Qd7+ 1-0

[Event "I Open Distrito de Chamartin 2012"]
[Site "Madrid ESP"]
[Date "2012.09.10"]
[Round "2.29"]
[White "Perez Gonzalez, Jose Manuel"]
[Black "Maseda Iglesias, Luis"]
[Result "1-0"]
[WhiteElo "2333"]
[BlackElo "1734"]
[PlyCount "35"]
[EventDate "2012.09.09"]
[EventType "swiss"]
[EventRounds "9"]
[EventCountry "ESP"]
[Source "lmi"]
[SourceDate "2012.09.09"]

1. e4 c6 2. d4 d5 3. e5 Bf5 4. Nc3 e6 5. g4 Bg6 6. Nge2 c5 7. h4 h5 8. Nf4 Bh7
9. Nxh5 cxd4 10. Nb5 Nc6 11. Nxd4 Nxe5 12. Bb5+ Nd7 13. Qe2 Qb6 14. Be3 Qd6 15.
Bf4 Qb6 16. O-O-O O-O-O 17. Nc6 Bxc2 18. Kxc2 1-0

[Event "I Open Distrito de Chamartin 2012"]
[Site "Madrid ESP"]
[Date "2012.09.10"]
[Round "2.30"]
[White "Garceran Izquierdo, Ruben"]
[Black "Hall, Rachid"]
[Result "1/2-1/2"]
[WhiteElo "1719"]
[BlackElo "2013"]
[PlyCount "64"]
[EventDate "2012.09.09"]
[EventType "swiss"]
[EventRounds "9"]
[EventCountry "ESP"]
[Source "lmi"]
[SourceDate "2012.09.09"]

1. c4 Nf6 2. Nc3 g6 3. Nf3 Bg7 4. e3 O-O 5. Be2 c5 6. O-O d5 7. d4 cxd4 8. Nxd4
Nc6 9. cxd5 Nxd5 10. Nxd5 Qxd5 11. Bf3 Qc5 12. Nxc6 bxc6 13. b4 Qxb4 14. Bd2
Qd6 15. Rb1 Ba6 16. Bb4 c5 17. Qxd6 exd6 18. Ba5 Bxf1 19. Bxa8 Bd3 20. Rd1 c4
21. Bd5 g5 22. e4 Be5 23. Bd2 g4 24. Be3 a5 25. Bb6 a4 26. Ba5 Rb8 27. Bd2 c3
28. Bc1 Bc2 29. Rf1 Kg7 30. g3 Bd3 31. Re1 Kg6 32. Be3 f5 1/2-1/2

[Event "I Open Distrito de Chamartin 2012"]
[Site "Madrid ESP"]
[Date "2012.09.10"]
[Round "2.31"]
[White "Tipter, Napoleon"]
[Black "Cerrato Torrijos, Javier"]
[Result "0-1"]
[WhiteElo "2002"]
[BlackElo "1718"]
[PlyCount "62"]
[EventDate "2012.09.09"]
[EventType "swiss"]
[EventRounds "9"]
[EventCountry "ESP"]
[Source "lmi"]
[SourceDate "2012.09.09"]

1. e4 c5 2. Nf3 d6 3. d4 cxd4 4. Qxd4 a6 5. Be3 Nc6 6. Qd2 Nf6 7. Nc3 Bd7 8.
Bd3 e6 9. h3 Be7 10. g4 Qc7 11. Na4 Ne5 12. Nxe5 dxe5 13. Nb6 Rd8 14. Nc4 Nxe4
15. Bb6 Qxb6 16. Bxe4 Qc7 17. Qc3 O-O 18. Nxe5 Qxc3+ 19. bxc3 Bf6 20. f4 g5 21.
O-O-O Bb5 22. Bxb7 gxf4 23. Rhe1 Rxd1+ 24. Kxd1 Bh4 25. Re4 Bg3 26. a4 Bf1 27.
Rd4 Rb8 28. Rd7 f3 29. Nxf7 Be2+ 30. Kd2 Bf4+ 31. Ke1 Rf8 0-1

[Event "I Open Distrito de Chamartin 2012"]
[Site "Madrid ESP"]
[Date "2012.09.10"]
[Round "2.32"]
[White "Marcos Herrero, Francisco"]
[Black "Sorribes Calle, Pablo"]
[Result "1-0"]
[WhiteElo "1937"]
[BlackElo "1677"]
[PlyCount "63"]
[EventDate "2012.09.09"]
[EventType "swiss"]
[EventRounds "9"]
[EventCountry "ESP"]
[Source "lmi"]
[SourceDate "2012.09.09"]

1. d4 d5 2. c4 c6 3. Nf3 dxc4 4. e4 b5 5. a4 a6 6. b3 cxb3 7. axb5 cxb5 8.
Bxb5+ Bd7 9. Bc4 e6 10. O-O Bb4 11. d5 exd5 12. Bxd5 Nc6 13. Qxb3 Qe7 14. Nc3
a5 15. Bg5 f6 16. Bxg8 fxg5 17. Nd5 Qd6 18. Nxb4 Nxb4 19. Qf7+ Kd8 20. Rfd1 Qe7
21. Rxd7+ Qxd7 22. Qf8+ Kc7 23. Qxa8 Nc6 24. Rc1 Kb6 25. Qf8 Kb7 26. Rb1+ Kc7
27. Qa8 Qc8 28. Qxc8+ Kxc8 29. Be6+ Kc7 30. Nxg5 Nd4 31. Bd5 h6 32. Rb7+ 1-0

[Event "I Open Distrito de Chamartin 2012"]
[Site "Madrid ESP"]
[Date "2012.09.10"]
[Round "2.33"]
[White "Camarero Izquierdo, Juan C"]
[Black "Castro Uceda, Jose Antonio"]
[Result "1-0"]
[WhiteElo "1899"]
[BlackElo "1657"]
[PlyCount "41"]
[EventDate "2012.09.09"]
[EventType "swiss"]
[EventRounds "9"]
[EventCountry "ESP"]
[Source "lmi"]
[SourceDate "2012.09.09"]

1. d4 d5 2. Nc3 e6 3. e4 dxe4 4. Nxe4 Nf6 5. Bg5 Be7 6. Bxf6 Bxf6 7. Nf3 O-O 8.
Qd3 Nc6 9. O-O-O Nb4 10. Qd2 a5 11. a3 Nd5 12. h4 Re8 13. Nfg5 h6 14. f4 c6 15.
c4 Nb6 16. Qd3 Nd7 17. g4 Rb8 18. Nd6 Nf8 19. Ngxf7 Qd7 20. g5 hxg5 21. hxg5
1-0

[Event "I Open Distrito de Chamartin 2012"]
[Site "Madrid ESP"]
[Date "2012.09.10"]
[Round "2.34"]
[White "Zhynguel Ramirez De Verger, Aleksei"]
[Black "Santamaria Baeza, Adolfo"]
[Result "1-0"]
[WhiteElo "1704"]
[BlackElo "1897"]
[PlyCount "133"]
[EventDate "2012.09.09"]
[EventType "swiss"]
[EventRounds "9"]
[EventCountry "ESP"]
[Source "lmi"]
[SourceDate "2012.09.09"]

1. d4 Nf6 2. Bf4 e6 3. e3 b6 4. Nf3 Bb7 5. Nbd2 Nc6 6. c3 Ne7 7. Bd3 Ng6 8. Bg3
c5 9. h3 Be7 10. O-O O-O 11. a4 d6 12. Qe2 Ne8 13. a5 bxa5 14. Nb3 a4 15. Rxa4
Bc6 16. Raa1 a5 17. dxc5 dxc5 18. Bb5 Bxf3 19. Qxf3 Nf6 20. Rfd1 Qb6 21. Qc6
Qxc6 22. Bxc6 Ra6 23. Nxa5 Bd8 24. Nb7 Rxc6 25. Rxd8 Ne4 26. Bh2 Rb6 27. Rxf8+
Kxf8 28. f3 Rxb7 29. fxe4 e5 30. Ra5 Rxb2 31. Rxc5 f6 32. Bg3 Re2 33. Bf2 Kf7
34. Kf1 Rc2 35. Be1 Ne7 36. Rc7 Ke6 37. c4 Kd6 38. Ba5 Nc6 39. Bb6 Rxc4 40.
Rxg7 Rxe4 41. Rxh7 Rb4 42. Bc7+ Ke6 43. Rh8 Rb7 44. Bd8 Rb8 45. Bxf6 Rb1+ 46.
Kf2 Rb2+ 47. Kf3 e4+ 48. Kxe4 Rxg2 49. Bd4 Ne7 50. Rh6+ Ng6 51. Kf3 Rg5 52. h4
Rg1 53. h5 Rh1 54. Rxg6+ Kf7 55. Rg7+ Kf8 56. Kg4 Rg1+ 57. Kf5 Rh1 58. Rg5 Kf7
59. Rg7+ Kf8 60. Kg6 Rg1+ 61. Kh7 Rh1 62. h6 Rh2 63. Rg6 Kf7 64. Rf6+ Ke7 65.
Kg7 Rg2+ 66. Rg6 Rf2 67. Bf6+ 1-0

[Event "I Open Distrito de Chamartin 2012"]
[Site "Madrid ESP"]
[Date "2012.09.10"]
[Round "2.35"]
[White "Largo Barbero, Benito"]
[Black "Algaba Traspuesto, Jose Antonio"]
[Result "1-0"]
[WhiteElo "1885"]
[BlackElo "1646"]
[PlyCount "101"]
[EventDate "2012.09.09"]
[EventType "swiss"]
[EventRounds "9"]
[EventCountry "ESP"]
[Source "lmi"]
[SourceDate "2012.09.09"]

1. Nc3 d5 2. d4 c6 3. Nf3 Nf6 4. Bg5 e6 5. e3 Be7 6. Bd3 h6 7. Bf4 Nbd7 8. h3
b6 9. Qe2 Bb7 10. a3 c5 11. Nb5 O-O 12. g4 c4 13. Rg1 a6 14. Nc3 cxd3 15. cxd3
Nh7 16. h4 f6 17. Kd2 Rc8 18. Rg2 Rf7 19. Rh1 e5 20. dxe5 Nxe5 21. Bxe5 fxe5
22. d4 exd4 23. exd4 Bf6 24. g5 hxg5 25. hxg5 Nxg5 26. Kc2 Nxf3 27. Qxf3 Qd7
28. Rgh2 Kf8 29. Qe2 Qf5+ 30. Kb3 Re7 31. Qd1 Rce8 32. Rh5 Qg6 33. Rg1 Re1 34.
Rxg6 Rxd1 35. Nxd1 Bxd4 36. Nc3 Re5 37. Rxe5 Bxe5 38. Rxb6 Bc8 39. Nxd5 Kf7 40.
Kc4 a5 41. f4 Bf6 42. Nxf6 gxf6 43. Kb5 Kg6 44. Kxa5 Kf5 45. Rb4 Kg4 46. Rd4 f5
47. b4 Kf3 48. Kb5 Bb7 49. a4 Be4 50. a5 Ke3 51. Rxe4+ 1-0

[Event "I Open Distrito de Chamartin 2012"]
[Site "Madrid ESP"]
[Date "2012.09.10"]
[Round "2.37"]
[White "Aguado Rodriguez, Guillermo"]
[Black "Matesanz Bonastre, Rafael"]
[Result "1/2-1/2"]
[WhiteElo "1881"]
[BlackElo "1631"]
[PlyCount "34"]
[EventDate "2012.09.09"]
[EventType "swiss"]
[EventRounds "9"]
[EventCountry "ESP"]
[Source "lmi"]
[SourceDate "2012.09.09"]

1. d4 d5 2. Nf3 Nf6 3. Bf4 e6 4. e3 Be7 5. h3 O-O 6. Nbd2 Nbd7 7. Bd3 c5 8. c3
c4 9. Be2 b5 10. a3 Qb6 11. Qc2 Bb7 12. O-O a5 13. b3 Bd6 14. Ne5 Qc7 15. Nxd7
Qxd7 16. Bxd6 Qxd6 17. bxc4 bxc4 1/2-1/2

[Event "I Open Distrito de Chamartin 2012"]
[Site "Madrid ESP"]
[Date "2012.09.10"]
[Round "2.38"]
[White "Garcia Salamero, Hector"]
[Black "Martin Garcia, Francisco Javier"]
[Result "1-0"]
[WhiteElo "1868"]
[BlackElo "1609"]
[PlyCount "100"]
[EventDate "2012.09.09"]
[EventType "swiss"]
[EventRounds "9"]
[EventCountry "ESP"]
[Source "lmi"]
[SourceDate "2012.09.09"]

1. e4 c5 2. Nf3 d6 3. d4 cxd4 4. Nxd4 Nf6 5. Nc3 a6 6. g3 e5 7. Nde2 Nbd7 8.
Bg2 Be7 9. h3 h5 10. Be3 b5 11. Qd2 Bb7 12. Nd5 Bxd5 13. exd5 Nb6 14. b3 Rc8
15. O-O Qc7 16. Rfc1 Qb7 17. c4 bxc4 18. Qb4 Nfd7 19. bxc4 Nc5 20. Rab1 Bd8 21.
Rc3 O-O 22. f4 Re8 23. Bf3 exf4 24. Bxf4 Ne4 25. Re3 Rxc4 26. Qxc4 Nxc4 27.
Rxb7 Nxe3 28. Bxe3 Nxg3 29. Nxg3 Rxe3 30. Kf2 Bg5 31. Rd7 Ra3 32. Rxd6 Rxa2+
33. Ne2 h4 34. Rc6 a5 35. d6 Rd2 36. Rc5 Bd8 37. Rd5 Ra2 38. Be4 g6 39. Rb5 Kg7
40. Rb7 Bf6 41. Rxf7+ Kxf7 42. Bd5+ Ke8 43. Bxa2 Kd7 44. Nf4 g5 45. Nd5 Bd4+
46. Kf3 Kxd6 47. Kg4 Ke5 48. Kxg5 Bf2 49. Kg4 Ke4 50. Nf4 Ke5 1-0

[Event "I Open Distrito de Chamartin 2012"]
[Site "Madrid ESP"]
[Date "2012.09.10"]
[Round "2.39"]
[White "Moreno Sanchez, Guillermo"]
[Black "De La Orden Alcocer, Alejandro"]
[Result "0-1"]
[WhiteElo "1635"]
[BlackElo "1857"]
[PlyCount "80"]
[EventDate "2012.09.09"]
[EventType "swiss"]
[EventRounds "9"]
[EventCountry "ESP"]
[Source "lmi"]
[SourceDate "2012.09.09"]

1. d4 Nf6 2. c4 d6 3. Nc3 Nbd7 4. Nf3 e5 5. d5 a5 6. e4 Nc5 7. Qc2 Be7 8. Be3
b6 9. Bxc5 bxc5 10. Bd3 Bg4 11. Nd2 Nh5 12. h3 Bd7 13. Nf3 Nf4 14. O-O-O Nxg2
15. Rhg1 Nh4 16. Nxh4 Bxh4 17. Rxg7 Bg5+ 18. f4 Bxf4+ 19. Kb1 Bxh3 20. Rdg1 Kf8
21. Qe2 h5 22. Nb5 Rb8 23. Na7 Qf6 24. Nc6 Ra8 25. Qf3 Qh4 26. Qh1 a4 27. a3
Ke8 28. Bf1 Qe1+ 29. Ka2 Bxf1 30. Rxf1 Qe2 31. Qh4 Qxc4+ 32. Kb1 Qxf1+ 33. Ka2
Qc4+ 34. Kb1 Qxe4+ 35. Ka1 Kf8 36. Rg1 Re8 37. Qf6 Qh7 38. Na7 Rg8 39. Re1 Qg6
40. Qh4 Bg3 0-1

[Event "I Open Distrito de Chamartin 2012"]
[Site "Madrid ESP"]
[Date "2012.09.10"]
[Round "2.41"]
[White "Sotres Menendez, Raul"]
[Black "Corredor San Jose, Antonio"]
[Result "1-0"]
[WhiteElo "1599"]
[BlackElo "1838"]
[PlyCount "106"]
[EventDate "2012.09.09"]
[EventType "swiss"]
[EventRounds "9"]
[EventCountry "ESP"]
[Source "lmi"]
[SourceDate "2012.09.09"]

1. d4 Nf6 2. c4 e6 3. Nc3 Bb4 4. Nf3 c5 5. e3 O-O 6. Bd3 Nc6 7. O-O Bxc3 8.
bxc3 d6 9. Bc2 b6 10. Re1 Bb7 11. e4 e5 12. d5 Ne7 13. Bg5 Ng6 14. Qd2 h6 15.
Be3 Nh5 16. g3 Bc8 17. Bd1 Nf6 18. Bc2 Bg4 19. Kg2 Qc8 20. Ng1 Nh7 21. f4 f6
22. f5 Nh8 23. Bd1 Bxd1 24. Qxd1 Nf7 25. Nf3 Nhg5 26. Bxg5 fxg5 27. h4 g4 28.
Nh2 h5 29. Nf1 Nd8 30. Qd2 Nb7 31. Qg5 Qe8 32. Ne3 Rf6 33. Rh1 Qf7 34. Raf1 Na5
35. Kf2 Kf8 36. Ke2 Ke7 37. Kd3 Rh8 38. Nc2 Kf8 39. Na3 Qd7 40. Rb1 Qa4 41. Qc1
Kf7 42. Qb2 Ke7 43. Qc1 Rhf8 44. Rf1 R8f7 45. Rf2 Kf8 46. Rf1 g6 47. Qh6+ Ke8
48. fxg6 Rf3+ 49. Ke2 R7f6 50. Qh8+ Kd7 51. Qh7+ Kc8 52. g7 Qxa3 53. g8=Q+ Rf8
1-0

[Event "I Open Distrito de Chamartin 2012"]
[Site "Madrid ESP"]
[Date "2012.09.10"]
[Round "2.43"]
[White "Picazo Sancho, Alvaro"]
[Black "Martinez Rubio, Felipe"]
[Result "0-1"]
[WhiteElo "1481"]
[BlackElo "1835"]
[PlyCount "78"]
[EventDate "2012.09.09"]
[EventType "swiss"]
[EventRounds "9"]
[EventCountry "ESP"]
[Source "lmi"]
[SourceDate "2012.09.09"]

1. e4 c5 2. Nf3 e6 3. d4 cxd4 4. Nxd4 Nf6 5. Nc3 Nc6 6. Ndb5 d6 7. Bf4 e5 8.
Bg5 a6 9. Na3 b5 10. Nd5 Be6 11. Bxf6 gxf6 12. c3 f5 13. exf5 Bxf5 14. Qf3 Qc8
15. Bd3 Bxd3 16. Nb6 Qb7 17. Nxa8 e4 18. Qe3 Qxa8 19. O-O-O Ne7 20. b3 Bg7 21.
Qe1 Qc6 22. Nb1 Kd7 23. b4 Nd5 24. Rxd3 exd3 25. Qe4 Bxc3 26. Qf5+ Ke7 27. Qxd3
Bxb4+ 28. Kb2 Rc8 29. Qh3 Qc2+ 30. Ka1 Bc3+ 31. Nxc3 Qxc3+ 32. Qxc3 Rxc3 33.
Kb2 b4 34. Rd1 Ke6 35. Re1+ Kf5 36. g4+ Kxg4 37. Rg1+ Kf5 38. Rg7 Ke6 39. Rxh7
Rf3 0-1

[Event "I Open Distrito de Chamartin 2012"]
[Site "Madrid ESP"]
[Date "2012.09.10"]
[Round "2.44"]
[White "Lopez Garralon, Jorge"]
[Black "Sanchez Rodenas, Antonio"]
[Result "1/2-1/2"]
[WhiteElo "1264"]
[BlackElo "1756"]
[PlyCount "64"]
[EventDate "2012.09.09"]
[EventType "swiss"]
[EventRounds "9"]
[EventCountry "ESP"]
[Source "lmi"]
[SourceDate "2012.09.09"]

1. e4 c5 2. d3 Nc6 3. f4 d6 4. Nf3 Bg4 5. Be2 Bxf3 6. Bxf3 Nd4 7. Nd2 Nxf3+ 8.
Qxf3 e5 9. O-O Nf6 10. f5 d5 11. Rd1 dxe4 12. dxe4 b5 13. Nf1 Qc7 14. Bg5 Be7
15. Ne3 O-O 16. Bxf6 Bxf6 17. Nd5 Qc6 18. Rd2 Rad8 19. Rad1 Bg5 20. c3 c4 21.
Kh1 Qh6 22. Rf2 Kh8 23. g3 Rd6 24. Rdf1 Rfd8 25. Qe2 Ra6 26. a3 Qd6 27. Qh5 f6
28. h4 Bh6 29. g4 Bf4 30. Nxf4 exf4 31. Rxf4 Qd3 32. g5 Qh3+ 1/2-1/2

[Event "I Open Distrito de Chamartin 2012"]
[Site "Madrid ESP"]
[Date "2012.09.11"]
[Round "3.1"]
[White "Abul, Qasem"]
[Black "Barria Zuniga, Daniel"]
[Result "0-1"]
[WhiteElo "2030"]
[BlackElo "2432"]
[PlyCount "74"]
[EventDate "2012.09.09"]
[EventType "swiss"]
[EventRounds "9"]
[EventCountry "ESP"]
[Source "lmi"]
[SourceDate "2012.09.09"]

1. d4 Nf6 2. c4 g6 3. Nc3 Bg7 4. e4 O-O 5. Nf3 d6 6. Be2 c5 7. O-O cxd4 8. Nxd4
Nc6 9. Be3 Bd7 10. h3 Nxd4 11. Bxd4 Bc6 12. Bf3 a5 13. Rc1 Nd7 14. Bxg7 Kxg7
15. Re1 Nc5 16. b3 f6 17. a3 e5 18. b4 axb4 19. axb4 Ne6 20. b5 Be8 21. Qd5 Qe7
22. Qd2 Bf7 23. Nd5 Qd8 24. Ra1 Nd4 25. Ne3 Rxa1 26. Rxa1 Nb3 27. Qc3 Nxa1 28.
Qxa1 Qb6 29. Qc1 Qd4 30. Qc2 Ra8 31. g3 Qa1+ 32. Kg2 Ra2 33. Qd1 Qxd1 34. Bxd1
Rd2 35. Bb3 Rd3 36. Ba2 Ra3 37. Bb1 Kf8 0-1